000 00297nam a22001337a 4500
008 170131b xxu||||| |||| 00| 0 eng d
020 _a9780073131320
041 _aeng
080 _27TH
_a61
100 _a3
101 _aSHMI
245 _aTHE CAREGIVER'S COMPANION
_cMENA, J.G
942 _2udc
_cBK
999 _c4096
_d4096